000 00294nam a22001337a 4500
008 181218b xxu||||| |||| 00| 0 eng d
020 _a0394706714
041 _aeng
080 _a616.073
100 _a6
101 _aGJEN
245 _aThe Possible & The Actual
_cJacob,F
942 _2udc
_cBK
999 _c53354
_d53354